Spaces of measures

Uloženo v:
Podrobná bibliografie
Hlavní autor: Corneliu Constantinescu
Médium: Kniha
Jazyk:Undetermined
Vydáno: New York Walter de Gruyter 1984
Témata:
Tagy: Přidat tag
Žádné tagy, Buďte první, kdo otaguje tento záznam!
Thư viện lưu trữ: Trung tâm Học liệu Trường Đại học Cần Thơ
LEADER 00486nam a2200181Ia 4500
001 CTU_1838
008 210402s9999 xx 000 0 und d
082 |a 515.42 
082 |b C758 
100 |a Corneliu Constantinescu 
245 0 |a Spaces of measures 
245 0 |c Corneliu Constantinescu 
260 |a New York 
260 |b Walter de Gruyter 
260 |c 1984 
650 |a spaces of measures 
904 |i Minh, 960820 
980 |a Trung tâm Học liệu Trường Đại học Cần Thơ